000 00493nam a2200181Ia 4500
005 20250326141951.0
008 250326s9999 xx 000 0 und d
037 _aTextbook
040 _aFMSL
_beng
_cFMSL
041 _aeng
_2eng
084 _aX:8Dg M7
_qFMSL
100 _aVyas J N
_9735798
245 0 _aHandbook of project ficing
_cVyas J N
260 _aAhamendabad
_bAhamendabad, N.K. Vyas
_c1987
300 _a453p
942 _cTB
_hX:8Dg M7
999 _c1292831
_d1292831